[Event "2019 Tom Weston Open Major"]
[Site "Cardiff"]
[Date "2019.04.21"]
[Round "5.10"]
[White "Hurn, Robert Aj"]
[Black "Fox, Chris"]
[Result "0-1"]
[WhiteElo "1623"]
[BlackElo "1685"]
[PlyCount "87"]
[EventDate "2019.04.19"]
[EventType "swiss"]
[EventRounds "7"]
[EventCountry "WLS"]
[WhiteClock "0:36:19"]
[BlackClock "0:58:23"]

1. d4 {[%emt 0:00:03]} Nf6 {[%emt 0:00:05]} 2. c4 {[%emt 0:00:07]} e6 {[%emt 0:
00:04]} 3. Nc3 {[%emt 0:00:14]} Bb4 {[%emt 0:00:07]} 4. e3 {[%emt 0:00:04]} c5
{[%emt 0:00:11]} 5. a3 {[%emt 0:00:06]} cxd4 {[%emt 0:00:08]} 6. exd4 {[%emt 0:
02:49]} Bxc3+ {[%emt 0:00:27]} 7. bxc3 {[%emt 0:00:08]} b6 {[%emt 0:00:49]} 8.
Be2 {[%emt 0:05:19]} Bb7 {[%emt 0:00:25]} 9. Bf3 {[%emt 0:00:21]} d5 {[%emt 0:
00:48]} 10. cxd5 {[%emt 0:00:37]} Bxd5 {[%emt 0:00:24]} 11. Bxd5 {[%emt 0:06:
02]} Qxd5 {[%emt 0:00:28]} 12. Nf3 {[%emt 0:01:20]} Nbd7 {[%emt 0:00:48]} 13.
O-O {[%emt 0:00:57]} O-O {[%emt 0:00:15]} 14. Bd2 {[%emt 0:08:04]} Rac8 {
[%emt 0:03:03]} 15. Qe2 {[%emt 0:03:02]} Ne4 {[%emt 0:00:58]} 16. Rfc1 {
[%emt 0:01:29]} Nxd2 {[%emt 0:01:08]} 17. Qxd2 {[%emt 0:04:05]} Rc4 {[%emt 0:
05:04]} 18. Qe3 {[%emt 0:02:09]} Rfc8 {[%emt 0:02:41]} 19. Nd2 {[%emt 0:01:02]}
R4c7 {[%emt 0:01:06]} 20. h3 {[%emt 0:07:29]} e5 {[%emt 0:02:13]} 21. dxe5 {
[%emt 0:03:02]} Qxe5 {[%emt 0:01:13]} 22. c4 {[%emt 0:03:10]} Qxe3 {[%emt 0:00:
27]} 23. fxe3 {[%emt 0:00:15]} Ne5 {[%emt 0:00:26]} 24. c5 {[%emt 0:01:02]}
Rxc5 {[%emt 0:03:08]} 25. Rxc5 {[%emt 0:03:04]} Rxc5 {[%emt 0:01:14]} 26. Kf2 {
[%emt 0:01:05]} Rc2 {[%emt 0:01:30]} 27. Ke1 {[%emt 0:00:44]} Kf8 {[%emt 0:01:
21]} 28. g4 {[%emt 0:00:44]} Ke7 {[%emt 0:02:40]} 29. Kd1 {[%emt 0:01:45]} Rc3
{[%emt 0:01:28]} 30. Ke2 {[%emt 0:00:26]} Nc4 {[%emt 0:01:00]} 31. Nf1 {
[%emt 0:01:41]} Rxa3 {[%emt 0:01:03]} 32. Rc1 {[%emt 0:00:49]} b5 {[%emt 0:00:
52]} 33. Rd1 {[%emt 0:01:00]} a6 {[%emt 0:01:16]} 34. Rd4 {[%emt 0:00:52]} Nd6
{[%emt 0:01:58]} 35. Kd1 {[%emt 0:02:04]} a5 {[%emt 0:00:20]} 36. Kc2 {[%emt 0:
00:57]} Ke6 {[%emt 0:02:24]} 37. h4 {[%emt 0:01:58]} b4 {[%emt 0:01:09]} 38. e4
{[%emt 0:00:56]} Ke5 {[%emt 0:01:48]} 39. Rd5+ {[%emt 0:00:27]} Ke6 {[%emt 0:
00:31]} 40. Rd4 {[%emt 0:01:02]} f6 {[%emt 0:00:56]} 41. Kb2 {[%emt 0:00:33]}
Rf3 {[%emt 0:00:58]} 42. Nd2 {[%emt 0:00:44]} Re3 {[%emt 0:04:31]} 43. Rxd6+ {
[%emt 0:02:01]} Kxd6 {[%emt 0:00:26]} 44. Nc4+ {[%emt 0:00:08] Ilegal move Ke5
[%emt 00:00:10] Nxe3 [%clk 00:36:41] [%emt 00:00:08] Kxe4 [%clk 00:59:06] 
[%emt 00:00:07] Nc4 [%clk 00:35:03] [%emt 00:02:08] a4 [%clk 00:59:14] [%emt
00:00:21] Nb6 [%clk 00:35:01] [%emt 00:00:31] a3+ [%clk 00:59:32] [%emt 00:00:
13] Kb3 [%clk 00:34:48] [%emt 00:00:43] Kf4 [%clk 00:59:54] [%emt 00:00:07]
Nd5+ [%clk 00:34:47] [%emt 00:00:30] Kxg4 [%clk 01:00:15] [%emt 00:00:10] Nxb4
[%clk 00:35:12] [%emt 00:00:05] Kxh4 [%clk 01:00:32] [%emt 00:00:14] Kxa3 
[%clk 00:35:24] [%emt 00:00:18] f5 [%clk 01:00:53] [%emt 00:00:08] Nd3 [%clk
00:35:32] [%emt 00:00:21] g5 [%clk 01:01:12] [%emt 00:00:12] Kb2 [%clk 00:35:
40] [%emt 00:00:22] Kg3 [%clk 01:01:22] [%emt 00:00:20] Kc2 [%clk 00:35:55] 
[%emt 00:00:16] Kg2 [%clk 01:00:05] [%emt 00:01:46] Kd2 [%clk 00:36:05] [%emt
00:00:20] f4 [%clk 01:00:08] [%emt 00:00:27] Ne5 [%clk 00:35:50] [%emt 00:00:
45] f3 [%clk 01:00:14] [%emt 00:00:24] Ng4 [%clk 00:35:29] [%emt 00:00:50] h5 
[%clk 00:59:56] [%emt 00:00:48] Ne3 [%clk 00:35:40] [%emt 00:00:20] Kg1 [%clk
01:00:11] [%emt 00:00:15] Ke1 [%clk 00:35:03] [%emt 00:01:06] g4 [%clk 00:59:
25] [%emt 00:01:16] Nf1 [%clk 00:34:51] [%emt 00:00:41] h4 [%clk 00:59:35] 
[%emt 00:00:20] Ne3 [%clk 00:34:44] [%emt 00:00:37] g3 [%clk 00:59:16] [%emt
00:00:49] Nf1 g2 [%clk 00:59:16] Ne3 f2+ [%clk 00:59:16]} 0-1

[Event "2019 Tom Weston Open Major"]
[Site "Cardiff"]
[Date "2019.04.21"]
[Round "5.11"]
[White "Parri, Deio"]
[Black "Williams, Stephen"]
[Result "1/2-1/2"]
[WhiteElo "1652"]
[BlackElo "1644"]
[PlyCount "89"]
[EventDate "2019.04.19"]
[EventType "swiss"]
[EventRounds "7"]
[EventCountry "WLS"]

1. d4 {[%emt 0:04:28]} d5 {[%emt 0:00:08]} 2. c4 {[%emt 0:00:05]} c6 {[%emt 0:
00:06]} 3. Nc3 {[%emt 0:00:15]} Nf6 {[%emt 0:00:12]} 4. Nf3 {[%emt 0:00:49]} g6
{[%emt 0:00:49]} 5. e3 {[%emt 0:03:49]} Bg7 {[%emt 0:00:28]} 6. Be2 {[%emt 0:
00:40]} O-O {[%emt 0:00:12]} 7. O-O {[%emt 0:00:04]} Bg4 {[%emt 0:00:50]} 8. h3
{[%emt 0:00:37]} Bxf3 {[%emt 0:00:34]} 9. Bxf3 {[%emt 0:00:08]} e6 {[%emt 0:00:
09]} 10. b3 {[%emt 0:02:55]} Nbd7 {[%emt 0:04:04]} 11. Bb2 {[%emt 0:03:08]} Re8
{[%emt 0:01:32]} 12. Qc2 {[%emt 0:05:13]} Nb6 {[%emt 0:01:17]} 13. cxd5 {
[%emt 0:02:56]} exd5 {[%emt 0:01:46]} 14. a4 {[%emt 0:10:13]} a5 {[%emt 0:01:
21]} 15. Ba3 {[%emt 0:13:14]} Nc8 {[%emt 0:00:57]} 16. b4 {[%emt 0:02:42]} axb4
{[%emt 0:01:38]} 17. Bxb4 {[%emt 0:03:38]} Nd6 {[%emt 0:02:28]} 18. Bxd6 {
[%emt 0:04:55]} Qxd6 {[%emt 0:00:11]} 19. Rfb1 {[%emt 0:00:39]} Rab8 {[%emt 0:
05:29]} 20. a5 {[%emt 0:02:20]} Nd7 {[%emt 0:03:35]} 21. Ra4 {[%emt 0:03:09]}
f5 {[%emt 0:01:59]} 22. Rab4 {[%emt 0:04:21]} Bf8 {[%emt 0:01:03]} 23. Rxb7 {
[%emt 0:04:39]} Rxb7 {[%emt 0:00:08]} 24. Rxb7 {[%emt 0:00:07]} Ra8 {[%emt 0:
00:30]} 25. Qa4 {[%emt 0:05:08]} Nb8 {[%emt 0:01:36]} 26. Rb6 {[%emt 0:03:36]}
Qd8 {[%emt 0:02:14]} 27. Qb3 {[%emt 0:06:39]} Kh8 {[%emt 0:04:44]} 28. Nxd5 {
[%emt 0:04:52]} cxd5 {[%emt 0:01:08]} 29. Bxd5 {[%emt 0:00:08]} Nd7 {[%emt 0:
00:31]} 30. Bxa8 {[%emt 0:03:39]} Nxb6 {[%emt 0:00:20]} 31. Bb7 {[%emt 0:00:12]
} Nc8 {[%emt 0:03:10]} 32. a6 {[%emt 0:02:39]} Na7 {[%emt 0:00:14]} 33. Qe6 {
[%emt 0:01:16]} Bd6 {[%emt 0:01:13]} 34. g3 {[%emt 0:00:59]} Qe7 {[%emt 0:00:
26]} 35. Qc4 {[%emt 0:02:32]} Bb8 {[%emt 0:00:27]} 36. Qb3 {[%emt 0:00:50]} Qc7
37. Qb4 {[%emt 0:01:46]} Qd6 {[%emt 0:00:05]} 38. Qb3 {[%emt 0:02:49]} Qd8 39.
Qe6 {[%emt 0:01:07]} Nb5 {[%emt 0:00:13]} 40. Qc6 {[%emt 0:01:13]} Nd6 {
[%emt 0:00:59]} 41. Qc5 {[%emt 0:03:26]} Qe7 42. Qb6 {[%emt 0:12:53]} Nxb7 {
[%emt 0:00:31]} 43. axb7 {[%emt 0:01:45]} Qd6 44. Qb5 {[%emt 0:01:40]} Kg7 45.
Qe8 {[%emt 0:04:08]} 1/2-1/2

[Event "2019 Tom Weston Open Major"]
[Site "Cardiff"]
[Date "2019.04.21"]
[Round "5.12"]
[White "Probert, Malcolm"]
[Black "Evans, Thomas"]
[Result "1/2-1/2"]
[WhiteElo "1585"]
[BlackElo "1650"]
[PlyCount "35"]
[EventDate "2019.04.19"]
[EventType "swiss"]
[EventRounds "7"]
[EventCountry "WLS"]

1. Nf3 Nf6 {[%emt 0:01:10]} 2. g3 {[%emt 0:00:18]} g6 {[%emt 0:00:57]} 3. b3 {
[%emt 0:00:10]} Bg7 {[%emt 0:00:08]} 4. Bb2 {[%emt 0:00:07]} d5 {[%emt 0:00:25]
} 5. Bg2 {[%emt 0:00:28]} c5 {[%emt 0:01:02]} 6. d4 {[%emt 0:00:31]} Nc6 {
[%emt 0:06:49]} 7. O-O {[%emt 0:04:30]} cxd4 {[%emt 0:09:07]} 8. Nxd4 {[%emt 0:
00:12]} O-O {[%emt 0:00:09]} 9. Nd2 {[%emt 0:02:42]} Re8 {[%emt 0:00:58]} 10.
c4 {[%emt 0:07:40]} e5 {[%emt 0:07:25]} 11. Nxc6 {[%emt 0:06:49]} bxc6 {
[%emt 0:00:37]} 12. e3 {[%emt 0:04:39]} Qb6 {[%emt 0:14:47]} 13. cxd5 {[%emt 0:
08:31]} cxd5 {[%emt 0:00:10]} 14. h3 {[%emt 0:07:26]} Bb7 {[%emt 0:16:29]} 15.
Re1 {[%emt 0:10:20]} Nd7 {[%emt 0:07:56]} 16. e4 {[%emt 0:02:56]} d4 {[%emt 0:
04:02]} 17. Nc4 Qe6 {[%emt 0:03:31]} 18. f4 1/2-1/2

[Event "2019 Tom Weston Open Major"]
[Site "Cardiff"]
[Date "2019.04.21"]
[Round "5.13"]
[White "Watkins, Peter"]
[Black "White, Sam"]
[Result "1/2-1/2"]
[WhiteElo "1570"]
[BlackElo "1498"]
[PlyCount "95"]
[EventDate "2019.04.19"]
[EventType "swiss"]
[EventRounds "7"]
[EventCountry "WLS"]

1. e4 {[%emt 0:00:05]} e6 {[%emt 0:00:21]} 2. d4 {[%emt 0:00:39]} d5 {[%emt 0:
00:12]} 3. Nc3 {[%emt 0:00:38]} Bb4 {[%emt 0:03:57]} 4. e5 {[%emt 0:02:08]} Ne7
{[%emt 0:00:25]} 5. Nf3 {[%emt 0:00:54]} a6 {[%emt 0:08:57]} 6. a3 {[%emt 0:00:
34]} Ba5 {[%emt 0:00:46]} 7. b4 {[%emt 0:06:19]} Bb6 {[%emt 0:00:12]} 8. Bd3 {
[%emt 0:00:56]} Bd7 {[%emt 0:06:46]} 9. O-O {[%emt 0:02:10]} Nbc6 {[%emt 0:00:
52]} 10. Be3 {[%emt 0:01:05]} h6 {[%emt 0:02:13]} 11. Ne2 {[%emt 0:07:45]} Nf5
{[%emt 0:00:38]} 12. c4 {[%emt 0:06:59]} Nxe3 {[%emt 0:02:11]} 13. fxe3 {
[%emt 0:00:25]} Ne7 {[%emt 0:04:58]} 14. c5 {[%emt 0:01:21]} Ba7 {[%emt 0:00:
13]} 15. Qc2 {[%emt 0:02:42]} Nf5 {[%emt 0:02:11]} 16. Bxf5 {[%emt 0:03:13]}
exf5 {[%emt 0:00:04]} 17. Ng3 {[%emt 0:03:41]} c6 {[%emt 0:02:35]} 18. Nxf5 {
[%emt 0:03:17]} Bxf5 {[%emt 0:00:29]} 19. Qxf5 {[%emt 0:00:15]} O-O {[%emt 0:
07:21]} 20. Rf2 {[%emt 0:04:49]} Qe7 {[%emt 0:04:36]} 21. Qg4 {[%emt 0:05:15]}
Qe6 {[%emt 0:00:49]} 22. Qxe6 {[%emt 0:01:25]} fxe6 {[%emt 0:00:04]} 23. Raf1 {
[%emt 0:00:31]} Rf7 {[%emt 0:30:59]} 24. Nd2 {[%emt 0:00:43]} Rxf2 {[%emt 0:00:
50]} 25. Rxf2 {[%emt 0:00:13]} Bb8 {[%emt 0:00:03]} 26. Nb3 {[%emt 0:01:10]}
Bc7 {[%emt 0:00:11]} 27. Kf1 {[%emt 0:10:03]} Rf8 {[%emt 0:05:22]} 28. Rxf8+ {
[%emt 0:01:10]} Kxf8 {[%emt 0:00:02]} 29. Ke2 {[%emt 0:00:34]} Kf7 {[%emt 0:00:
04]} 30. Kf3 {[%emt 0:00:27]} g5 {[%emt 0:00:25]} 31. g4 {[%emt 0:02:15]} Ke7 {
[%emt 0:01:21]} 32. e4 {[%emt 0:02:13]} Kd7 {[%emt 0:00:18]} 33. exd5 {[%emt 0:
00:25]} exd5 {[%emt 0:05:28]} 34. Nc1 {[%emt 0:01:53]} b5 {[%emt 0:00:32]} 35.
Ne2 {[%emt 0:00:31]} Ke6 {[%emt 0:06:29]} 36. Ng3 {[%emt 0:00:22]} Bd8 {
[%emt 0:00:47]} 37. Nf5 {[%emt 0:02:32]} Kf7 {[%emt 0:01:58]} 38. Nxh6+ {
[%emt 0:00:50]} Kg6 {[%emt 0:00:02]} 39. Nf5 {[%emt 0:00:31]} Bc7 {[%emt 0:00:
26]} 40. h3 {[%emt 0:00:53]} Kf7 {[%emt 0:00:17]} 41. h4 {[%emt 0:01:01]} gxh4
{[%emt 0:00:58]} 42. Nxh4 {[%emt 0:00:15]} Bd8 {[%emt 0:00:04]} 43. Nf5 {
[%emt 0:00:39]} Bg5 {[%emt 0:00:08]} 44. Ne3 {[%emt 0:07:31]} Ke6 {[%emt 0:00:
05]} 45. Kf2 {[%emt 0:00:34]} Bh4+ {[%emt 0:08:29]} 46. Kf3 {[%emt 0:00:28]}
Bg5 {[%emt 0:00:02]} 47. Nc2 {[%emt 0:04:41]} Ke7 {[%emt 0:02:05]} 48. Kg3 {
[%emt 0:09:20]} 1/2-1/2

[Event "2019 Tom Weston Open Major"]
[Site "Cardiff"]
[Date "2019.04.22"]
[Round "6.1"]
[White "Summers, Charles"]
[Black "Timmins, Chris P"]
[Result "1/2-1/2"]
[WhiteElo "1859"]
[BlackElo "1888"]
[PlyCount "82"]
[EventDate "2019.04.19"]
[EventType "swiss"]
[EventRounds "7"]
[EventCountry "WLS"]

1. d4 {[%emt 0:01:11]} Nf6 {[%emt 0:00:15]} 2. Nc3 {[%emt 0:01:10]} d5 {
[%emt 0:00:24]} 3. Bf4 {[%emt 0:00:54]} e6 {[%emt 0:02:48]} 4. e3 {[%emt 0:01:
29]} a6 {[%emt 0:00:48]} 5. Nf3 {[%emt 0:03:14]} c5 {[%emt 0:01:33]} 6. Be2 {
[%emt 0:03:13]} Nc6 {[%emt 0:00:26]} 7. O-O {[%emt 0:03:50]} cxd4 {[%emt 0:00:
17]} 8. exd4 {[%emt 0:02:23]} Bd6 {[%emt 0:00:11]} 9. Qd2 {[%emt 0:07:36]} h6 {
[%emt 0:19:34]} 10. a3 {[%emt 0:07:46]} b6 {[%emt 0:04:26]} 11. Rfe1 {[%emt 0:
04:14]} Bb7 {[%emt 0:01:10]} 12. Ne5 {[%emt 0:06:02]} Qc7 {[%emt 0:01:47]} 13.
Bf3 {[%emt 0:04:15]} O-O-O {[%emt 0:07:10]} 14. Bg3 {[%emt 0:04:22]} g5 {
[%emt 0:10:27]} 15. Nxc6 {[%emt 0:11:51]} Bxc6 {[%emt 0:07:39]} 16. Be5 {
[%emt 0:02:41]} Bxe5 {[%emt 0:06:55]} 17. dxe5 {[%emt 0:03:41]} d4 {[%emt 0:05:
52]} 18. Bxc6 {[%emt 0:04:46]} dxc3 {[%emt 0:02:24]} 19. Qe2 {[%emt 0:03:18]}
Qxc6 {[%emt 0:04:07]} 20. Qxa6+ {[%emt 0:03:51]} Qb7 {[%emt 0:05:29]} 21. Qc4+
{[%emt 0:02:15]} Kb8 {[%emt 0:02:06]} 22. exf6 {[%emt 0:01:07]} Rc8 {[%emt 0:
00:28]} 23. Qb4 {[%emt 0:01:59]} cxb2 {[%emt 0:05:50]} 24. Qxb2 {[%emt 0:01:09]
} Rhd8 {[%emt 0:01:28]} 25. Rab1 {[%emt 0:01:28]} Ka7 {[%emt 0:00:14]} 26. Re3
{[%emt 0:04:32]} Rd2 {[%emt 0:01:43]} 27. Rc3 {[%emt 0:01:52]} Rcd8 {[%emt 0:
00:54]} 28. h3 {[%emt 0:01:14]} Rd1+ {[%emt 0:00:24]} 29. Rxd1 {[%emt 0:00:03]}
Rxd1+ {[%emt 0:00:02]} 30. Kh2 {[%emt 0:00:01]} Qb8+ {[%emt 0:00:21]} 31. g3 {
[%emt 0:03:39]} Qb7 {[%emt 0:03:11]} 32. f3 {[%emt 0:00:02]} Rd2+ {[%emt 0:01:
10]} 33. Kg1 {[%emt 0:00:57]} Qd5 {[%emt 0:00:24]} 34. Re3 {[%emt 0:04:11]} Qc5
{[%emt 0:02:15]} 35. Qc3 {[%emt 0:00:19]} Rxc2 {[%emt 0:01:14]} 36. Qxc5 {
[%emt 0:00:29]} Rxc5 {[%emt 0:00:50]} 37. g4 {[%emt 0:00:38]} Kb7 {[%emt 0:00:
49]} 38. Kf2 {[%emt 0:00:18]} Rc2+ {[%emt 0:00:36]} 39. Kg3 {[%emt 0:00:15]}
Kc6 {[%emt 0:00:53]} 40. Rd3 {[%emt 0:00:13]} Ra2 {[%emt 0:00:23]} 41. h4 {
[%emt 0:01:47]} Kc7 {[%emt 0:01:24]} 1/2-1/2

[Event "2019 Tom Weston Open Major"]
[Site "Cardiff"]
[Date "2019.04.22"]
[Round "6.2"]
[White "Buttell, David"]
[Black "Phillips, William"]
[Result "1/2-1/2"]
[WhiteElo "1809"]
[BlackElo "1843"]
[PlyCount "59"]
[EventDate "2019.04.19"]
[EventType "swiss"]
[EventRounds "7"]
[EventCountry "WLS"]

1. d4 {[%emt 0:00:02]} Nf6 {[%emt 0:00:06]} 2. c4 {[%emt 0:00:08]} e6 {[%emt 0:
00:10]} 3. Nf3 {[%emt 0:00:08]} b6 {[%emt 0:00:07]} 4. g3 {[%emt 0:00:06]} Ba6
{[%emt 0:02:43]} 5. Qc2 {[%emt 0:05:24]} Bb7 {[%emt 0:06:33]} 6. Bg2 {[%emt 0:
00:14]} c5 {[%emt 0:00:43]} 7. O-O {[%emt 0:06:02]} cxd4 {[%emt 0:15:39]} 8.
Nxd4 {[%emt 0:00:21]} Bxg2 {[%emt 0:00:06]} 9. Kxg2 {[%emt 0:00:10]} Qc8 {
[%emt 0:03:40]} 10. Bg5 {[%emt 0:12:06]} Be7 {[%emt 0:01:13]} 11. Nd2 {[%emt 0:
01:22]} O-O {[%emt 0:01:30]} 12. Ne4 {[%emt 0:10:57]} Qd8 {[%emt 0:02:00]} 13.
Nxf6+ {[%emt 0:10:27]} Bxf6 {[%emt 0:01:55]} 14. Bxf6 {[%emt 0:00:12]} Qxf6 {
[%emt 0:00:19]} 15. Nb5 {[%emt 0:02:14]} Nc6 {[%emt 0:06:21]} 16. Rfd1 {
[%emt 0:02:28]} d5 {[%emt 0:04:59]} 17. cxd5 {[%emt 0:06:16]} Nb4 {[%emt 0:00:
39]} 18. Qc3 {[%emt 0:00:42]} Nxd5 {[%emt 0:00:57]} 19. Qxf6 {[%emt 0:00:13]}
Nxf6 {[%emt 0:00:21]} 20. Rac1 {[%emt 0:04:05]} g6 {[%emt 0:06:22]} 21. a3 {
[%emt 0:01:33]} Rfc8 {[%emt 0:14:58]} 22. Nc7 {[%emt 0:08:08]} Rab8 {[%emt 0:
01:44]} 23. Rc2 {[%emt 0:02:01]} Nd5 {[%emt 0:08:44]} 24. Rdc1 {[%emt 0:00:10]}
Nxc7 {[%emt 0:01:51]} 25. Rxc7 {[%emt 0:00:06]} Rxc7 {[%emt 0:00:21]} 26. Rxc7
{[%emt 0:00:06]} a5 {[%emt 0:01:07]} 27. Kf3 {[%emt 0:02:45]} Kg7 {[%emt 0:00:
42]} 28. Ke3 {[%emt 0:00:22]} Kf6 {[%emt 0:03:32]} 29. Kd3 {[%emt 0:01:02]}
Rd8+ {[%emt 0:04:33]} 30. Ke3 1/2-1/2

[Event "2019 Tom Weston Open Major"]
[Site "Cardiff"]
[Date "2019.04.22"]
[Round "6.3"]
[White "Van Veelen, Thomas"]
[Black "Di-Vetta, Andrew"]
[Result "1-0"]
[WhiteElo "2056"]
[BlackElo "1730"]
[PlyCount "97"]
[EventDate "2019.04.19"]
[EventType "swiss"]
[EventRounds "7"]
[EventCountry "WLS"]

1. d4 {[%emt 0:00:20]} Nf6 {[%emt 0:00:04]} 2. c4 {[%emt 0:00:06]} e6 {[%emt 0:
00:03]} 3. Nf3 {[%emt 0:00:04]} b6 {[%emt 0:00:11]} 4. g3 {[%emt 0:00:07]} Ba6
{[%emt 0:00:19]} 5. Qc2 {[%emt 0:00:26]} Bb4+ {[%emt 0:00:42]} 6. Bd2 {[%emt 0:
00:13]} Qe7 {[%emt 0:00:39]} 7. Bg2 {[%emt 0:00:36]} Bb7 {[%emt 0:01:10]} 8.
O-O {[%emt 0:10:51]} Na6 {[%emt 0:04:54]} 9. Nc3 {[%emt 0:12:19]} O-O {[%emt 0:
03:10]} 10. a3 {[%emt 0:00:17]} Bxc3 {[%emt 0:00:20]} 11. Bxc3 {[%emt 0:00:14]}
d6 {[%emt 0:02:14]} 12. b4 {[%emt 0:07:11]} c5 {[%emt 0:01:46]} 13. dxc5 {
[%emt 0:02:11]} dxc5 {[%emt 0:01:17]} 14. b5 {[%emt 0:01:39]} Nc7 {[%emt 0:00:
42]} 15. Ng5 {[%emt 0:00:12]} Nce8 {[%emt 0:01:15]} 16. Bxb7 {[%emt 0:06:52]}
Qxb7 {[%emt 0:00:16]} 17. Rfd1 {[%emt 0:00:59]} h6 {[%emt 0:00:14]} 18. Nf3 {
[%emt 0:00:08]} Qe4 {[%emt 0:01:00]} 19. Qxe4 {[%emt 0:02:03]} Nxe4 {[%emt 0:
00:07]} 20. Rac1 {[%emt 0:00:14]} a6 {[%emt 0:03:48]} 21. Ne5 {[%emt 0:16:33]}
N8f6 {[%emt 0:02:16]} 22. bxa6 {[%emt 0:00:54]} Rxa6 {[%emt 0:00:17]} 23. Bb2 {
[%emt 0:00:17]} Nh7 {[%emt 0:09:48]} 24. Rd7 {[%emt 0:03:20]} Nhf6 {[%emt 0:03:
21]} 25. Rd3 {[%emt 0:00:22]} Ra7 {[%emt 0:02:04]} 26. f3 {[%emt 0:03:38]} Ng5
{[%emt 0:00:24]} 27. h4 {[%emt 0:02:32]} Ngh7 {[%emt 0:00:19]} 28. Rd6 {
[%emt 0:00:07]} Rb7 {[%emt 0:00:37]} 29. Rc3 {[%emt 0:01:52]} Rc8 {[%emt 0:03:
54]} 30. Rb3 {[%emt 0:02:42]} Rcb8 {[%emt 0:01:50]} 31. Nc6 {[%emt 0:02:08]}
Ne8 {[%emt 0:01:50]} 32. Rd2 {[%emt 0:01:19]} Ra8 {[%emt 0:01:26]} 33. Nd8 {
[%emt 0:02:18]} Rbb8 {[%emt 0:00:51]} 34. Nc6 {[%emt 0:00:05]} Rb7 {[%emt 0:01:
04]} 35. g4 {[%emt 0:06:41]} Nf8 {[%emt 0:03:35]} 36. Nd8 {[%emt 0:07:40]} Rd7
{[%emt 0:00:53]} 37. Rxd7 {[%emt 0:02:04]} Nxd7 {[%emt 0:00:06]} 38. Nc6 {
[%emt 0:00:19]} Nd6 {[%emt 0:06:58]} 39. Rd3 {[%emt 0:07:47]} Nxc4 {[%emt 0:00:
14]} 40. Bxg7 {[%emt 0:00:05]} Kxg7 {[%emt 0:00:53]} 41. Rxd7 Rxa3 {[%emt 0:00:
35]} 42. Nd8 {[%emt 0:00:51]} Re3 {[%emt 0:01:39]} 43. Kf2 {[%emt 0:01:28]} e5
{[%emt 0:05:07]} 44. Nxf7 {[%emt 0:01:06]} Kf6 {[%emt 0:10:08]} 45. Nd6 {
[%emt 0:02:04]} Ke6 {[%emt 0:03:30]} 46. Nxc4 {[%emt 0:00:28]} Kxd7 {[%emt 0:
00:50]} 47. Kxe3 {[%emt 0:00:40]} b5 {[%emt 0:00:12]} 48. Nxe5+ {[%emt 0:01:05]
} Ke6 {[%emt 0:00:09]} 49. Nd3 {[%emt 0:01:41]} 1-0

[Event "2019 Tom Weston Open Major"]
[Site "Cardiff"]
[Date "2019.04.22"]
[Round "6.4"]
[White "Thomas, Roy"]
[Black "Roberts, David L"]
[Result "0-1"]
[WhiteElo "1737"]
[BlackElo "1999"]
[PlyCount "92"]
[EventDate "2019.04.19"]
[EventType "swiss"]
[EventRounds "7"]
[EventCountry "WLS"]

1. f4 {[%emt 0:12:59]} b6 {[%emt 0:02:10]} 2. Nf3 {[%emt 0:04:23]} Bb7 {
[%emt 0:00:12]} 3. e3 {[%emt 0:00:05]} g6 {[%emt 0:05:12]} 4. Be2 {[%emt 0:00:
28]} Bg7 {[%emt 0:00:35]} 5. O-O {[%emt 0:00:07]} c5 {[%emt 0:02:52]} 6. d3 {
[%emt 0:03:23]} d5 {[%emt 0:07:22]} 7. c3 {[%emt 0:06:45]} Nh6 {[%emt 0:05:01]}
8. Na3 {[%emt 0:08:23]} Nf5 {[%emt 0:02:14]} 9. Ne5 {[%emt 0:10:43]} O-O {
[%emt 0:02:08]} 10. Qe1 {[%emt 0:04:58]} Nd7 {[%emt 0:03:31]} 11. Nxd7 {
[%emt 0:01:28]} Qxd7 {[%emt 0:00:08]} 12. Bf3 {[%emt 0:00:21]} Nd6 {[%emt 0:14:
41]} 13. e4 {[%emt 0:00:55]} dxe4 {[%emt 0:04:47]} 14. dxe4 {[%emt 0:00:29]} f5
{[%emt 0:06:59]} 15. e5 {[%emt 0:03:11]} Ne4 {[%emt 0:01:45]} 16. Be3 {[%emt 0:
01:25]} Rfd8 {[%emt 0:03:06]} 17. Rd1 {[%emt 0:02:00]} Qa4 {[%emt 0:00:55]} 18.
c4 {[%emt 0:13:56]} a6 {[%emt 0:02:08]} 19. Bc1 {[%emt 0:02:14]} Rab8 {[%emt 0:
08:14]} 20. b3 {[%emt 0:02:35]} Qc6 {[%emt 0:01:30]} 21. Nb1 {[%emt 0:04:41]}
g5 {[%emt 0:05:23]} 22. Rxd8+ {[%emt 0:03:35]} Rxd8 {[%emt 0:00:06]} 23. Nc3 {
[%emt 0:00:28]} e6 {[%emt 0:02:50]} 24. Nxe4 {[%emt 0:01:45]} fxe4 {[%emt 0:00:
06]} 25. Bh5 {[%emt 0:04:00]} Qd7 {[%emt 0:02:13]} 26. Qg3 {[%emt 0:00:34]} Rf8
{[%emt 0:05:30]} 27. Rd1 {[%emt 0:00:36]} gxf4 {[%emt 0:02:22]} 28. Rxd7 {
[%emt 0:01:10]} fxg3 {[%emt 0:00:05]} 29. Rxb7 {[%emt 0:01:00]} Rf1+ {[%emt 0:
01:05]} 30. Kxf1 {[%emt 0:00:12]} gxh2 {[%emt 0:00:05]} 31. Rb8+ {[%emt 0:03:
05]} Bf8 {[%emt 0:00:06]} 32. Bh6 {[%emt 0:01:27]} h1=Q+ {[%emt 0:00:14]} 33.
Kf2 {[%emt 0:00:10]} e3+ {[%emt 0:03:05]} 34. Kg3 {[%emt 0:00:49]} Qe1+ {
[%emt 0:00:19]} 35. Kh2 {[%emt 0:02:37]} Qh4+ {[%emt 0:00:25]} 36. Kg1 {
[%emt 0:00:11]} Qf2+ {[%emt 0:00:58]} 37. Kh2 {[%emt 0:00:10]} e2 {[%emt 0:01:
31]} 38. Bxe2 {[%emt 0:01:35]} Qh4+ {[%emt 0:00:20]} 39. Kg1 {[%emt 0:00:09]}
Qxh6 {[%emt 0:00:18]} 40. Rxb6 {[%emt 0:00:22]} Qe3+ {[%emt 0:00:45]} 41. Kf1 {
[%emt 0:00:36]} Qxe5 {[%emt 0:00:33]} 42. Rxa6 {[%emt 0:00:13]} Bd6 {[%emt 0:
01:15]} 43. a4 {[%emt 0:03:16]} Qd4 {[%emt 0:02:21]} 44. Ra8+ {[%emt 0:02:50]}
Kg7 {[%emt 0:00:23]} 45. Ra7+ {[%emt 0:00:28]} Kf6 {[%emt 0:01:30]} 46. Rxh7 {
[%emt 0:00:24]} Bg3 {[%emt 0:00:26]} 0-1

[Event "2019 Tom Weston Open Major"]
[Site "Cardiff"]
[Date "2019.04.22"]
[Round "6.5"]
[White "Quinn, Peter"]
[Black "Simpson, Rui"]
[Result "1/2-1/2"]
[WhiteElo "1784"]
[BlackElo "1718"]
[PlyCount "35"]
[EventDate "2019.04.19"]
[EventType "swiss"]
[EventRounds "7"]
[EventCountry "WLS"]

1. e4 {[%emt 0:00:04]} c5 {[%emt 0:06:36]} 2. Nf3 {[%emt 0:01:06]} e6 {[%emt 0:
00:25]} 3. d4 {[%emt 0:01:20]} cxd4 {[%emt 0:00:05]} 4. Nxd4 {[%emt 0:00:37]}
Nf6 {[%emt 0:00:08]} 5. Nc3 {[%emt 0:04:55]} a6 {[%emt 0:00:27]} 6. a3 {
[%emt 0:00:36]} d5 {[%emt 0:05:09]} 7. exd5 {[%emt 0:11:06]} Nxd5 {[%emt 0:00:
50]} 8. Nxd5 {[%emt 0:01:18]} Qxd5 {[%emt 0:00:11]} 9. Be3 {[%emt 0:01:10]} Nc6
{[%emt 0:04:54]} 10. Nxc6 {[%emt 0:02:20]} Qxc6 {[%emt 0:01:16]} 11. Qd2 {
[%emt 0:04:46]} Be7 {[%emt 0:02:32]} 12. f3 {[%emt 0:01:04]} O-O {[%emt 0:05:
59]} 13. Bd3 {[%emt 0:04:33]} Qc7 {[%emt 0:07:07]} 14. Qf2 {[%emt 0:02:34]} Bd7
{[%emt 0:03:26]} 15. O-O {[%emt 0:00:45]} f5 {[%emt 0:05:30]} 16. Bb6 {[%emt 0:
06:29]} Qf4 {[%emt 0:05:50]} 17. Be3 {[%emt 0:01:15]} Qc7 {[%emt 0:00:09]} 18.
Bb6 {[%emt 0:00:28]} 1/2-1/2